| 000 | 00799nam a22001937a 4500 | ||
|---|---|---|---|
| 005 | 20251108164255.0 | ||
| 008 | 250721s1986 xx 000 0 ara d | ||
| 082 | 1 | 4 | _a351.15095661/سعد |
| 100 | 1 | _aالجبالي، سعد أحمد | |
| 245 | 1 | 0 | _aإطار مقترح لتطوير البرامج التدريبية بمعاهد التدريب المركزية بالتطبيق على معهد الإدارة العامة بالمملكة العربية السعودية / |
| 264 | 1 |
_aالرياض : _bالمنظمة العربية للعلوم الإدارية، _c1986. |
|
| 300 | _a110ص | ||
| 490 | 0 | _aالبحوث والدراسات | |
| 650 | 1 | 7 | _aالإدارة العامة |
| 650 | 1 | 7 | _aالسعودية |
| 650 | 1 | 7 | _aتدريب الموظفين |
| 942 |
_2ddc _cBK |
||
| 999 |
_c8066 _d8066 |
||